Statistics for PHILIPPINE COMEDIANS

Click here to take the quiz!

General Stats

  • This quiz has been taken 55 times
  • The average score is 8 of 15

Answer Stats

HintAnswer% Correct
Rodolfo Vera Quizon Sr. OGH, known by his screen namesDOLPHY
96%
was a Filipino comedian and actor. His screen name was a reference to his long chin of which was sometimes a subject of on screen ridicule, usually byBABALU
91%
is a Filipino actor, television presenter, comedian, singer and songwriter. He is known for his various television and film projects on the major Philippine televisionVIC SOTTO
83%
is a Filipino comedian, television presenter, actor, and singer. He is a regular host-judge on ABS-CBN's noontime variety show It's Showtime, and has starred in several films, eight of which are considered to be the highest-grossing in Philippine cinema.VICE GANDA
81%
Andrew Ford Valentino Espiritu, better known as _________________--ANDREW E
77%
Spanish Filipino comedian, actor, television presenter and songwriter. He hosts the noontime variety show Eat Bulaga!. He is a member of the comedy trio Tito, Vic and Joey thatJOEY DE LEON
72%
is a Filipino dwarf actor, comedian and politician.DAGUL
68%
Cipriano Cermeño II, known by his screen name as _________________ was a Filipino actor and comedianREDFORD WHITE
49%
actor comedian and director. He is best known for appearing regularly on the noon-time variety show Eat Bulaga! on GMAJOSE MANALO
47%
Renato Rabago Requiestas was a Filipino actor and comedian. Requiestas was one of the top Filipino comedians of theRENE REQUIESTAS
45%
was a Filipino singer, composer, lyricist and comedian. Villame was a native of Calape, Bohol and was the father of singer Hannah Villame. He died of cardiac arrest at the Las Piñas Medical Center inYOYOY VILLAME
34%
is a Filipino comedian, actress, television host and singer. She started in a reality show in ABS-CBN and subsequently appeared in dramasPOKWANG
28%
a veteran Filipino slapstick comedian and actor who was at the height of his career in the 1970s and 80s. He was well known for his unusually light build and thin anatomy, earning him the self-PALITO
23%
Jonathan Aguilar Garcia, better known by his stage name ___________________CHOKOLIET
4%
Domingo Vusotros Brotamante Jr. known as _____________________BENTONG
0%

Score Distribution

Percentile by Number Answered

Percent of People with Each Score

Your Score History

You have not taken this quiz